Derecho, etnias y ecología : (Registro nro. 6073)
[ vista simple ]
| 000 -LEADER | |
|---|---|
| fixed length control field | 01514nam a2200313Ia 4500 |
| 003 - CONTROL NUMBER IDENTIFIER | |
| control field | OSt |
| 005 - DATE AND TIME OF LATEST TRANSACTION | |
| control field | 20200826134126.0 |
| 008 - FIXED-LENGTH DATA ELEMENTS--GENERAL INFORMATION | |
| fixed length control field | 191128s1995 ck ad gr 000 0 spa d |
| 020 ## - INTERNATIONAL STANDARD BOOK NUMBER | |
| International Standard Book Number | 9581801243 |
| 040 ## - CATALOGING SOURCE | |
| Original cataloging agency | Co-JMCR |
| Transcribing agency | Co-JMCR |
| 041 0# - LANGUAGE CODE | |
| Language code of text/sound track or separate title | spa |
| 082 04 - DEWEY DECIMAL CLASSIFICATION NUMBER | |
| Classification number | 370.115 / |
| Item number | M678d |
| Edition number | 23 |
| 110 1# - MAIN ENTRY--CORPORATE NAME | |
| Corporate name or jurisdiction name as entry element | Misión Ciencia, Educación y Desarrollo (Colombia) |
| 9 (RLIN) | 9244 |
| 245 #0 - TITLE STATEMENT | |
| Title | Derecho, etnias y ecología : |
| Remainder of title | fuentes complementarias II / |
| Statement of responsibility, etc. | Misión Ciencia, Educación y Desarrollo; Ciro Angarita Barón, Liliana Caballero, Alejandro Gamboa Alder, [y otros 2] |
| 250 ## - EDITION STATEMENT | |
| Edition statement | Primera edición |
| 260 ## - PUBLICATION, DISTRIBUTION, ETC. | |
| Place of publication, distribution, etc. | Bogotá : |
| Name of publisher, distributor, etc. | Presidencia de la República, Consejería Presidencial para el Desarrollo Institucional, |
| Date of publication, distribution, etc. | 1955. |
| 300 ## - PHYSICAL DESCRIPTION | |
| Extent | 517 páginas : |
| Other physical details | gráficos a blanco y negro ; |
| Dimensions | 24 cm. |
| 490 0# - SERIES STATEMENT | |
| Series statement | Colección documentos de la misión |
| 504 ## - BIBLIOGRAPHY, ETC. NOTE | |
| Bibliography, etc. note | Bibliografía : páginas 515-517. |
| 505 0# - FORMATTED CONTENTS NOTE | |
| Formatted contents note | Diversidad étnica, Cultura y constitución colombiana de 1991, legitimidad de las diferencias: realidades, retos y respuestas / Ciro Angarita Barón -- El derecho de la ciencia, normatividad colombiana en ciencia y tecnología / Liliana Caballero |
| 650 24 - SUBJECT ADDED ENTRY--TOPICAL TERM | |
| Topical term or geographic name entry element | Etnología |
| General subdivision | Aspectos sociales |
| Geographic subdivision | Colombia |
| 9 (RLIN) | 9276 |
| 650 24 - SUBJECT ADDED ENTRY--TOPICAL TERM | |
| Topical term or geographic name entry element | Educación |
| General subdivision | Colombia |
| 9 (RLIN) | 9277 |
| 650 24 - SUBJECT ADDED ENTRY--TOPICAL TERM | |
| Topical term or geographic name entry element | Ciencia y Estado |
| General subdivision | Colombia |
| 9 (RLIN) | 9278 |
| 650 24 - SUBJECT ADDED ENTRY--TOPICAL TERM | |
| Topical term or geographic name entry element | Derechos de autor |
| 9 (RLIN) | 8817 |
| 700 1# - ADDED ENTRY--PERSONAL NAME | |
| Personal name | Angarita Barón, Ciro, |
| Relator term | autor |
| 9 (RLIN) | 9279 |
| 700 1# - ADDED ENTRY--PERSONAL NAME | |
| Personal name | Caballero, Liliana, |
| Relator term | autora |
| 9 (RLIN) | 9280 |
| 700 1# - ADDED ENTRY--PERSONAL NAME | |
| Personal name | Gamboa Alder, Alejandro, |
| Relator term | autor |
| 9 (RLIN) | 9281 |
| 942 ## - ADDED ENTRY ELEMENTS (KOHA) | |
| Source of classification or shelving scheme | Dewey Decimal Classification |
| Koha item type | Books |
| Withdrawn status | Lost status | Source of classification or shelving scheme | Materials specified (bound volume or other part) | Damaged status | Not for loan | Home library | Current library | Shelving location | Date acquired | Source of acquisition | Full call number | Barcode | Date last seen | Copy number | Price effective from | Koha item type |
|---|---|---|---|---|---|---|---|---|---|---|---|---|---|---|---|---|
| Dewey Decimal Classification | Donación--15/04/2018-- | Biblioteca Pública José María del Castillo y Rada | Biblioteca Pública José María del Castillo y Rada | General Stacks | 11/28/2019 | Donación | 370.115 / M678d | 430011590 | 05/16/2024 | V.6 / Ej.1 | 11/28/2019 | Books |